| 000 | 00998nam a2200241 i 4500 | ||
|---|---|---|---|
| 001 | 156676 | ||
| 003 | ES-MaACL | ||
| 005 | 20250823104415.0 | ||
| 008 | 040803s1883 sp |||| | spa d | ||
| 100 | 1 |
_aKrause, Karl Christian Friedrich. _968762 |
|
| 245 | 1 | 0 |
_aCompendio de estética / _cKrause ; traducido del alemán y anotado por Francisco Giner. |
| 250 | _a2ª ed., aum. con la Teoría de la música, del mismo autor. | ||
| 260 |
_aMadrid : _bLibrería de V. Suárez, _c1883 ( _fImp. de la Viuda de J.M. Pérez) |
||
| 300 |
_aXV, 224 p. ; _c18 cm. |
||
| 530 | _aDisponible en formato digital. | ||
| 650 | 7 |
_aMúsica- _xTeoría _2 _9139211 |
|
| 650 | 7 |
_aEstética _2embne _9142387 |
|
| 700 | 1 |
_aGiner de los Ríos, Francisco, _d1839-1915 _957122 |
|
| 852 |
_aES-MaACL _jF-12777 _z- Enc. hol. |
||
| 852 |
_aES-MaACL _jG-10103 _z- Enc. tela _z- Legado Calderón |
||
| 856 |
_uhttp://bdh-rd.bne.es/viewer.vm?id=0000246756&page=1 _zBiblioteca Digital Hispánica |
||
| 999 |
_c156676 _d156676 |
||